000 00883nas a2200277 454500
001 34221
005 20260407193509.0
008 260407s2000####ag###########|||spa#d
003 AR-UNSa-BCEJYS
040 _aAR-UNSa-BCEJYS
_bspa
_cAR-UNSa-BCEJYS
080 _a5
_xMatemáticas. Ciencias naturales
245 1 0 _aEXACTAmente
022 _a1514-920X
264 1 _aBuenos Aires :
_bUniversidad de Buenos Aires
_c2000
310 _aFrecuencia: Cuatrimestral
041 _aspa
942 _cSER
590 _aniveau_biblio:s niveau_hierar:1
100 1 _aUniversidad de Buenos Aires. Facultad de Ciencias Exactas y Naturales
700 1 _aCabrera, Ricardo
700 1 _aDurán, Guillermo
650 _aCiencias naturales
650 _aTecnología
650 _aCiencia
856 4 1 _uhttps://biblioeco.unsa.edu.ar/pmb/images/revistas/exactamente.jpg
_yImagen de portada
_qimage/jpeg
999 _c8744
_d8744